LIBRARY & INFORMATION CENTRE, KCAET, TAVANUR

ONLINE PUBLIC ACCESS CATALOGUE (OPAC)

Dhikkariyude kathal / (Record no. 5924)

MARC details
000 -LEADER
fixed length control field 00475cam a2200193ua 4500
020 ## - INTERNATIONAL STANDARD BOOK NUMBER
ISBN 81-7180-233-8
041 ## - LANGUAGE CODE
Language code of text/sound track or separate title mal
082 ## - DEWEY DECIMAL CLASSIFICATION NUMBER
Classification number 894.8124
Item number THO/DH
100 ## - MAIN ENTRY--AUTHOR NAME
Personal name Thomas, C J .
245 ## - TITLE STATEMENT
Title Dhikkariyude kathal /
260 ## - PUBLICATION, DISTRIBUTION, ETC. (IMPRINT)
Place of publication Calicut :
Name of publisher Poorna Publications ,
Year of publication 1991.
300 ## - PHYSICAL DESCRIPTION
Number of Pages 132 ; .
942 ## - ADDED ENTRY ELEMENTS (KOHA)
Koha item type Books
Holdings
Withdrawn status Lost status Damaged status Home library Current library Date acquired Cost, normal purchase price Full call number Accession Number Koha item type
Withdrawn     KAUAET KAUAET 07/04/2012 1.75 894.8124 103 Books
      KAUAET KAUAET 07/04/2012   894.8124 12721 Books
Withdrawn     KAUAET Malayalam University 07/04/2012   894.8124 9559 Books
free website counter